00000000nam##2200000za#4500
0019.699205
003CaOODSP
00520210625000256
007cr |||||||||||
008150407|1960||||xxc|||||o    f|0| 0 eng|d
040 |aCaOODSP|beng
043 |an-cn---
0861 |aA53-955/1960E-PDF
1101 |aCanada.|bAgriculture Canada.|bResearch Branch.
24510|aGrass silage for beef cattle / |h[electronic resource]|cby P.E. Sylvestre and E. Mercier.
260 |aOttawa - Ontario : |bAgriculture Canada. |cJune 1955, revised Oct. 1960.
300 |a16p.|bphotographs
500 |aHistorical publication digitized by Agriculture and Agri-Food Canada. Édition française publiée sous le titre «L'ensilage d'herbes pour les bovins de boucherie».
590 |a14-11-Supp|b2014-05-21
69007|aAnimal nutrition|2gcpds
69007|aForage crops|2gcpds
69007|aLivestock|2gcpds
69007|aStorage|2gcpds
85640|ahttp://publications.gc.ca|qPDF|s1.3 MB|uhttps://publications.gc.ca/collections/collection_2014/aac-aafc/agrhist/A53-955-1960-eng.pdf
986 |a955